000 00740nam a2200229Ia 4500
003 GCL
008 140319s9999 xx 000 0 ara d
020 _a7835419977
040 _aGCL /
_cGCL
082 0 4 _a364.1
_bا ج
100 1 _aالسيد عوض
245 1 0 _aالجريمة فى مجتمع متغير /
_cالسيد عوض
250 _aالاولى
260 _aالقاهرة :
_bالمكتبة المصرية ،
_c2001
300 _a341 ص ؛
_c25 سم
490 _aسلسلة علم الاجتماع فى مصر
_v0
650 0 4 _aالجريمة والمجرمون
650 0 4 _aالتغير الاجتماعى
650 0 4 _aالدفاع الاجتماعى
650 0 4 _aمكافحة الجريمة
942 _2ddc
_cBK
999 _c6193
_d6193